000 00691nam a2200265Ia 4500
005 20250425162151.0
008 250425s9999 xx 000 0 und d
020 _a9978404872
041 _aspa
043 _aec
082 _a636.6
_pRID
100 _aRidgely, Robert
245 0 _aUna lista anotada de las aves del Ecuador Continental
_cRobert S., Ridgely
250 _aPrimera edición
260 _aQuito
_bCECIA
_c1998
300 _a132 página
_bilustración
_c22 cm
504 _abibliografía
650 _aAves
650 _aEcuador
700 _aGreenfield, Paul
700 _aGuerrero, Manuel
902 _aMonográfico
_cImpreso
942 _c01
010 _a54128
999 _c223686
_d223686